Roman Peloponnese : Roman personal names in their social context
Αποθηκεύτηκε σε:
| Κύριος συγγραφέας: | |
|---|---|
| Συγγραφή απο Οργανισμό/Αρχή: | |
| Άλλοι συγγραφείς: | |
| Μορφή: | Βιβλίο |
| Γλώσσα: | English |
| Δημοσίευση: |
Athens :
Κέντρον Ελληνικής και Ρωμαϊκής Αρχαιότητος του Εθνικού Ιδρύματος Ερευνών,
2004
|
| Σειρά: | Μελετήματα ;
; 31, 36 |
| Θέματα: | |
| Ετικέτες: |
Προσθήκη ετικέτας
Δεν υπάρχουν, Καταχωρήστε ετικέτα πρώτοι!
|
MARC
| LEADER | 00000cam a2200000 i 4500 | ||
|---|---|---|---|
| 001 | 1/26559 | ||
| 008 | 060321s20012004 eng d | ||
| 020 | |a 960-7905-13-X (τ.1) | ||
| 020 | |a 960-7094-88-3 (τ.2) | ||
| 035 | |l 10083188 | ||
| 040 | |a GR-MY-UA |b gre |e aacr | ||
| 041 | 0 | |a eng | |
| 082 | 0 | |a 929.4 |2 (22) | |
| 100 | 1 | |a Ριζάκης, Αθανάσιος Δ. | |
| 245 | 1 | 0 | |a Roman Peloponnese : |b Roman personal names in their social context / |c A. D. Rizakis - S. Zoumbaki ; with the collaboration of M. Kantirea |
| 260 | |a Athens : |b Κέντρον Ελληνικής και Ρωμαϊκής Αρχαιότητος του Εθνικού Ιδρύματος Ερευνών, |c 2004 | ||
| 300 | |a 2τ.; |b πιν., χάρτ.; |c 29 εκ. | ||
| 490 | 1 | |a Μελετήματα |v ; 31, 36 | |
| 500 | |a Κείμενο στ'αγγλικά και απόδοση ελληνικών-λατινικών ονομάτων και όρων στην αγγλική γλώσσα | ||
| 504 | |a Περιέχει ευρετήρια | ||
| 505 | 0 | |a τ.1. (Achaia, Arcadia, Argolis, Corinthia and Eleia) - τ.2. (Laconia and Messenia) | |
| 650 | 0 | 0 | |a Latin language |x Etymology |x Names. |
| 650 | 0 | 0 | |a Names, Personal |z Greece |z Peloponnesus. |
| 650 | 0 | 0 | |a Inscriptions |z Greece |z Peloponnesus. |
| 650 | 0 | 0 | |a Onomastics |z Greece |z Peloponnesus. |
| 650 | 0 | 0 | |a Romans |z Greece |z Peloponnesus |x History. |
| 700 | 1 | |a Καντιρέα, Μαρία. |4 oth | |
| 700 | 1 | |a Ζουμπάκη, Σοφία Β. | |
| 710 | 2 | |a Εθνικό Ίδρυμα Ερευνών. |b Κέντρον Ελληνικής και Ρωμαϊκής Αρχαιότητος. | |
| 830 | 0 | |a Μελετήματα ; |v ; 31, 36 | |
| 852 | |a INST |b LESVOS |e 20060321 |h 929.4 ΡΙΖ |p 005100034760 |q 005100034760 |t BK |y 0 |z τ.1 | ||
| 852 | |a INST |b LESVOS |e 20060321 |h 929.4 ΡΙΖ |p 005100034761 |q 005100034761 |t BK |y 0 |z τ.2 | ||
| 852 | |a INST |b LESVOS |e 20060321 |h 929.4 ΡΙΖ |p 005100034760 |q 005100034760 |t BK |v τ.1: |y 0 |z τ.1 | ||
| 852 | |a INST |b LESVOS |e 20060321 |h 929.4 ΡΙΖ |p 005100034761 |q 005100034761 |t BK |v τ.2: |y 0 |z τ.2 | ||
| 853 | |a INST |b LESVOS |h 929.4 ΡΙΖ | ||
| 901 | |a BIBL1-2006-1 | ||
| 909 | |a Λ |b 126109 | ||
| 909 | |a Λ |b 126110 | ||
| 970 | |a ΚΑΡΑ |b ΓΙΑΣΕΜΗ |z 2006/03/21 | ||